000 01116nam a22003377a 4500
003 CHAP
005 20220329143725.0
008 110414s1997 mx a r 00010 spa d
010 _a100949
011 _a101921
020 _a9706132538
035 _a112609
040 _cCHAP
082 0 4 _a540
_bB64
100 1 _aBonnet Romero, Florencia
_913732
245 1 0 _aGuía de actividades experimentales :
_bquímica
_c/por Florencia Bonnet Romero
260 _aMéxico :
_bOxford University :
_bHarla,
_c[c199-?]
300 _av. :
_bilus.
500 _aEducación secundaria, segundo grado.
500 _aLa biblioteca tiene : v.1
590 _aBATCH-UPD
_b10
_c20130110
_lUCH01
_h1013
590 _aBATCH-UPD
_b10
_c20130410
_lUCH01
_h0620
590 _aBATCH-UPD
_b10
_c20130914
_lUCH01
_h0657
590 _aCONVERSION
_b10
_c20130109
_lUCH01
_h1356
650 1 4 _aEducación secundaria.
_935597
650 1 4 _aQuímica
_xExperimentos.
_993560
650 1 4 _aQuímica
_xManuales de laboratorio.
_993567
901 _aBK
942 _cLIBRO
949 _a540 B64
_bBC
_cLIBRO
_d33724002239743
_eLIBRO
_fv.1
_h114685
_i112609
_si
999 _c100949
_d100949